[Event "Lovsprings op-D 13th"]
[Site "Ringsted"]
[Date "2002.05.03"]
[Round "7"]
[White "Hoffmann, Jesper"]
[Black "Nielsen, Jonas"]
[Result "1-0"]
[WhiteElo "1098"]
[BlackElo "1027"]
[PlyCount "51"]
[EventDate "2002.03.08"]
[EventType "tourn"]
[EventRounds "7"]
[EventCountry "DEN"]
[SourceTitle "EXT 2023"]
[Source "ChessBase"]
[SourceDate "2022.10.05"]
[SourceVersion "1"]
[SourceVersionDate "2022.10.05"]
[SourceQuality "1"]

1. e4 g6 2. d4 Bg7 3. Nf3 d6 4. Nc3 Bg4 5. Be3 Nf6 6. h3 Bxf3 7. Qxf3 c6 8. 0-0-0 Nbd7 9. Bc4 0-0 10. a3 a6 11. e5 dxe5 12. dxe5 Ne8 13. Qg4 e6 14. Bxe6 fxe6 15. Qxe6+ Rf7 16. Ne4 Nc7 17. Qb3 Bxe5 18. Ng5 Qe7 19. Qxf7+ Qxf7 20. Nxf7 Kxf7 21. Rxd7+ Kg8 22. f4 Bxb2+ 23. Kxb2 Nd5 24. Bd4 Nxf4 25. Rg7+ Kf8 26. Rf1 1-0

[Event "Lovsprings op-D 13th"]
[Site "Ringsted"]
[Date "2002.04.05"]
[Round "4"]
[White "Vilsgaard, Lars"]
[Black "Hoffmann, Jesper"]
[Result "1/2-1/2"]
[WhiteElo "1064"]
[BlackElo "1098"]
[PlyCount "54"]
[EventDate "2002.03.08"]
[EventType "tourn"]
[EventRounds "7"]
[EventCountry "DEN"]
[SourceTitle "EXT 2023"]
[Source "ChessBase"]
[SourceDate "2022.10.05"]
[SourceVersion "1"]
[SourceVersionDate "2022.10.05"]
[SourceQuality "1"]

1. e4 e5 2. Nf3 Nc6 3. Bc4 Bc5 4. 0-0 Nf6 5. d3 h6 6. h3 0-0 7. Nc3 d6 8. a3 a6 9. Bd2 Be6 10. Ba2 d5 11. exd5 Nxd5 12. Bxd5 Bxd5 13. Re1 f6 14. Nxd5 Qxd5 15. Qe2 Rfe8 16. Qe4 Qxe4 17. Rxe4 Rad8 18. Bc3 Nd4 19. Bxd4 exd4 20. Rae1 Kf7 21. Nd2 f5 22. Re5 g6 23. Kf1 Rxe5 24. Rxe5 Bb6 25. f3 Re8 26. Nc4 Rxe5 27. Nxe5+ Kf6 1/2-1/2